Moving frontiers, (Record no. 1250)

MARC details
000 -LEADER
fixed length control field 00838cam a22002531 4500
001 - CONTROL NUMBER
control field 7977946
003 - CONTROL NUMBER IDENTIFIER
control field GBCCL
005 - DATE AND TIME OF LATEST TRANSACTION
control field 20241126110357.0
008 - FIXED-LENGTH DATA ELEMENTS--GENERAL INFORMATION
fixed length control field 760228s1964 moub b 001 0 eng
010 ## -
-- 63021161
015 ## -
-- GB64-20337
035 ## - SYSTEM CONTROL NUMBER
System control number (OCoLC)2019524
040 ## - CATALOGING SOURCE
Original cataloging agency DLC
Transcribing agency ViW
Modifying agency WHi
-- Uk
-- DLC
050 00 -
-- BX8061.M7
-- M42
082 00 - DEWEY DECIMAL CLASSIFICATION NUMBER
Classification number 284.1322
Edition information 21
Item number MOV
100 1# - MAIN ENTRY--PERSONAL NAME
Personal name Meyer, Carl Stamm,
Dates associated with a name 1907-
9 (RLIN) 2372
245 10 - TITLE STATEMENT
Title Moving frontiers,
Remainder of title readings in the history of the Lutheran Church-Missouri Synod.
Statement of responsibility, etc. Edited by Carl S. Meyer.
260 ## - PUBLICATION, DISTRIBUTION, ETC.
Place of publication, distribution, etc. St. Louis,
Name of publisher, distributor, etc. Concordia Pub. House,
Date of publication, distribution, etc. [1964]
300 ## - PHYSICAL DESCRIPTION
Extent xii, 500 p.
Other physical details maps (part fold.)
Dimensions 25 cm.
504 ## - BIBLIOGRAPHY, ETC. NOTE
Bibliography, etc. note Bibliography: p. [443]-449.
610 20 - SUBJECT ADDED ENTRY--CORPORATE NAME
Corporate name or jurisdiction name as entry element Lutheran Church--Missouri Synod
General subdivision History.
9 (RLIN) 2373
906 ## - LOCAL DATA ELEMENT F, LDF (RLIN)
a 7
b cbc
c oclcrpl
d u
e ncip
f 19
g y-gencatlg
942 ## - ADDED ENTRY ELEMENTS (KOHA)
Source of classification or shelving scheme Dewey Decimal Classification
Koha item type Books
Holdings
Withdrawn status Lost status Source of classification or shelving scheme Damaged status Not for loan Home library Current Library Shelving location Date acquired Total checkouts Full call number Barcode Date last seen Copy number Price effective from Koha item type
    Dewey Decimal Classification     GRACE BIBLE COLLEGE GRACE BIBLE COLLEGE Church History 2017-04-24   284.1322 MOV 007084 2025-05-01 c.1 2017-04-24 Books
© Grace Bible College Library 2025